| 000 | 00676nam a2200217Ia 4500 | ||
|---|---|---|---|
| 008 | 191130s2008##################000#0#eng## | ||
| 020 | _a9780415395571 | ||
| 022 | _a2007031862 | ||
| 040 |
_aACL _cACL |
||
| 082 | _a796.01 KRE | ||
| 100 | _aKremer, John | ||
| 245 |
_aPure sport : practical sport psychology _cJohn Kremer and Aidan P. Moran |
||
| 260 |
_aLondon ; New York _bRoutledge _c2008 |
||
| 300 | _axiv, 248 p. : ill. ; 26 cm | ||
| 500 | _aIncludes bibliographical references (p. 229-235) and index | ||
| 650 | _aSports - Psychological aspects | ||
| 700 | _aMoran, Aidan P | ||
| 990 | _a920a0f60ac10000c1b2862c9e3984d7a | ||
| 991 | _a331087 | ||
| 999 |
_c47563 _d47563 |
||